LEADER 01248nam a2200229 i 4500 001 000000215772 003 CaOOAMICUS 005 20120911000000.0 008 120911s1936 it u000 u ita u 013 $a194647 040 $aSeMil$bita 100 1 $aFauri, Giuseppe.$0(OLS)http://semarc/name/76502 245 10$aStilistica Latina :$bprincipi di stilistica Latina : consigli e norme generali per tradurre dal latino esercizi di versione ad uso del Ginnasio superiore, dell'Istituto magistrale e Istituto tecnico superiore, del Liceo scientifico e classico /$cGiuseppe Fauri. 250 $a3. rist. 260 $aTorino :$bSEI,$c1936. 300 $aVIII, 98 p. ;$c20 cm. 650 4$aLingua latina - Stilistica.$0(OLS)http://semarc/subject/20193 850 $aSeMil 852 $aSeMil$W1$xVenegono$y1$m1X II 147 =$j166192$B166192$CSeMilBibl$Z2$F177133 $81 961 $aOmaggio: Altro 996 $6245$aStilistica Latina :$bprincipi di stilistica Latina : consigli e norme generali per tradurre dal latino esercizi di versione ad uso del Ginnasio superiore, dell'Istituto magistrale e Istituto tecnico superiore, del Liceo scientifico e classico$9(OLS)http://semarc/title/310497 996 $6260$aTorino :$bSEI$9(OLS)http://semarc/publisher/29848 LEADER 01887nam a2200349 i 4500 001 000000352296 003 CaOOAMICUS 005 20221116123100.0 008 221116s2022 gw a m u000 u ger u 013 $a237096 020 $a978-3-11-077916-5 040 $aSeMil$bita 100 1 $aKaebel, Thomas,$d<1972- >.$0(OLS)http://semarc/name/116821 245 10$aJulius Wellhausens Göttinger Licentiaten-Promotion von 1870 /$cThomas Kaebel. 264 1$aBerlin ; Boston :$bDe Gruyter,$c2022. 300 $aXVII, 288 p. :$bill. ;$c24 cm 490 1 $aBeihefte zur Zeitschrift für die alttestamentliche Wissenschaft ;$v544 500 $aTitolo della tesi: Die Dissertation Julius Wellhausens 501 $aDe gentibus et familiis Judaeis quae 1. Chr. 2.4. enumerantur 502 $aTesto rivisto della tesi, Universität Heidelberg, 2021 504 $aBibliographie, p. [283]-288 505 0 $aContiene il testo latino con traduzione inglese e tedesca a fronte del De gentibus et familiis Judaeis quae 1. Chr. 2.4. enumerantur / Julius Wellhausen 600 14$aWellhausen, Julius <1844-1918>.$0(OLS)http://semarc/subject/42797 650 4$aBibbia. Antico Testamento. Cronache - Commentari, studi, critica, interpretazioni.$0(OLS)http://semarc/subject/51539 700 1 $aWellhausen, Julius,$d<1844-1918>.$0(OLS)http://semarc/name/78815 830 0$aBeihefte zur Zeitschrift für die alttestamentliche Wissenschaft ;$v544.$0(OLS)http://semarc/title/294 850 $aSeMil 852 $aSeMil$W1$xVenegono$y1$m2XA Q 544$j235339$B243480$CSeMilBibl$Z2$F243480 $81 996 $6020$a978-3-11-077916-5$9(OLS)http://semarc/number/297183 996 $6245$aJulius Wellhausens Göttinger Licentiaten-Promotion von 1870$9(OLS)http://semarc/title/442097 996 $6264$aBerlin ; Boston :$bDe Gruyter$9(OLS)http://semarc/publisher/36449